00686njm a22001937a 450000500170000000800410001711000230005824500110008126000150009226000280010726000090013530000130014430000180015750502230017565000270039865000210042565000230044665000230046920220720155240.0160406b xxu||||| |||| 00| 0 spa d aCalypso Experience aFiesta aCosta Rica bProducciones Experience c1994 a1 CD-ROM a47:32 minutos a1. Fiesta (Mosaico). 2. Yo soy de Limón. 3. Nowhere like Limón. 4. Ayer, hoy y mañana. 5. Jamaica farewell. 6. Whapping' man. 7. True born costarrican. 8. Llévame contigo. 9. Caribbean people. 10. Sweet poetry. aMÚSICA COSTARRICENSE aMÚSICA POPULAR aMÚSICA LIMONENSE aCALYPSO (MÚSICA)